000 00578nam a2200217 a 4500
005 20140412111231.0
008 020416s19uu xx 00 eng d
050 _aER
_bWi63Bl 1994
245 _aWinnie the Pooh :
_bBlackberry surprise.
260 _aHong Kong :
_bTormont International Publishing,
_c1994.
300 _a1 v. (unp.) ; ill.
440 _aWinnie the Pooh and his Friends
650 _aBerries--Fiction
650 _aChildren stories
999 _c102170
_d102170